Statistics for City by Building (Intermediate Version)

Click here to take the quiz!

General Stats

  • This quiz has been taken 33 times
  • The average score is 4 of 16

Answer Stats

Answer% Correct
Bilbao
66%
Kyoto
62%
Kiev
52%
Munich
52%
Havana
41%
Budapest
31%
Stockholm
24%
Cusco
14%
Lahore
14%
Ulaanbaatar
14%
Bangkok
10%
Casablanca
10%
Damascus
10%
Wellington
10%
Johannesburg
7%
Mexico City
0%

Score Distribution

Percentile by Number Answered

Percent of People with Each Score

Your Score History

You have not taken this quiz